Female Chinese KPOP Idol (2025 update) - Statistics

General Stats
  • This quiz has been taken 187 times
    61 since last reset
  • The average score is 13 of 34
Answer Stats
Nationality GROUP NAME % Correct
Chinese aespa NING NING
98%
Taiwanese i-dle SHUHUA
98%
Chinese i-dle YUQI
96%
Taiwanese TWICE TZUYU
92%
Chinese Kep1er XIAOTING
72%
American (Ethnicity: Taiwanese) f(x) AMBER
66%
Hong Konger LOONAEx-Loossemble VIVI
62%
Chinese f(x) VICTORIA
57%
Chinese EVERGLOW YIREN
57%
Chinese Ex-miss A FEI
42%
Chinese Dreamcatcher HANDONG
42%
Chinese Ex-miss A JIA
42%
Chinese TRI.BE JIA
42%
Chinese tripleS XINYU
40%
Hong Konger Ex-CLC ELKIE
38%
Chinese Ex-WJSN CHENG XIAO
34%
Taiwanese-Vietnamese tripleS NIEN
34%
Chinese Ex-WJSN MEI QI
25%
Chinese Ex-WJSN XUAN YI
25%
Chinese FIESTAR CAO LU
21%
Chinese I.O.I Ex-PRISTIN JIEQIONG
21%
Chinese TRI.BE KELLY
19%
Taiwanese Ex-Cherry Bullet LIN LIN
17%
Chinese Ex-gugudan SALLY
17%
Taiwanese Ex-GWSN SOSO
17%
American (Ethnicity: Chinese) Lapillus YUE
17%
Chinese Ex-NATURE AURORA
15%
Taiwanese ILY:1 ELVA
15%
Taiwanese PRIMROSE Ex-bugAboo RAINIE
15%
Taiwanese ILY:1 RONA
13%
Chinese Ex-NATURE GAGA
11%
Chinese HITGS VV
11%
Chinese RaNia TTABO
8%
Chinese RaNia YIJO
8%
No matching quizzes found
Score Distribution
Percent of People with Each Score
Percentile by Number Answered
Your Score History
You have not taken this quiz since the last reset